Zváranie 08CH18N12T ocele s použitím tavného krúžku v koreňovej vrstve = Welding of 08CH18N12T steel with deposit of melted ring in root section of weld joint : Diplomová práca

Na minha lista:
Detalhes bibliográficos
Autor principal: Rybár, Roman, 1973- (Author)
Outros Autores: Mišanko, František (xxx)
Formato: Manuscrito Livro
Idioma:eslovaco
Publicado em: Trnava : STU v Bratislave MTF UVTE KZv, 2011
Assuntos:
Acesso em linha:VAIS
Tags: Adicionar Tag
Sem tags, seja o primeiro a adicionar uma tag!

MARC

LEADER 00000ntm a22000003a 4500
001 stu227056
005 20160719160456.5
008 110616s2011----xo------------------slo-d
040 |a STU  |b slo 
041 0 |a slo 
044 |a xo 
100 1 |a Rybár, Roman,  |d 1973-  |4 aut  |X 31779  |7 A000031779 
242 0 0 |a Welding of 08CH18N12T steel with deposit of melted ring in root section of weld joint  |y eng 
245 1 |a Zváranie 08CH18N12T ocele s použitím tavného krúžku v koreňovej vrstve = Welding of 08CH18N12T steel with deposit of melted ring in root section of weld joint :  |b Diplomová práca 
260 |a Trnava :  |b STU v Bratislave MTF UVTE KZv,  |c 2011 
300 |a 81 
650 7 |a zváranie  |2 stusub 
650 7 |a Welding  |2 estusub 
700 1 |a Mišanko, František  |4 xxx 
856 4 |a info a plný text  |u http://is.stuba.sk/zp/portal_zp.pl?podrobnosti=75400  |3 VAIS 
996 |c M*DP-9810  |l MMSKP  |s P  |a 0  |w stu227056_0001